| 000 | 01378cam a2200349 i 4500 | ||
|---|---|---|---|
| 001 | 200448291 | ||
| 999 |
_c200448291 _d66503 |
||
| 003 | TR-AnTOB | ||
| 005 | 20240810073812.0 | ||
| 008 | 220328b1990 tu 000 0 tur d | ||
| 020 | _a9751902959 | ||
| 040 |
_aTR-AnTOB _beng _erda _cTR-AnTOB |
||
| 041 | 0 | _atur | |
| 050 | 1 | 4 |
_aHD5061.93 _b.C35 1990 |
| 090 | _aTOBBK HD5061.93 .C35 1990 | ||
| 245 | 0 | 0 |
_aÇalışma hayatı ve sosyal güvenlik konularında veri tabanının oluşturulması : _bkaynak ve yöntemler / _cDevlet Planlama Teşkilatı. |
| 264 | 1 |
_aAnkara : _bDevlet Planlama Teşkilatı, _c1990. |
|
| 300 |
_a44 pages ; _c23 cm |
||
| 336 |
_atext _btxt _2rdacontent |
||
| 337 |
_aunmediated _bn _2rdamedia |
||
| 338 |
_avolume _bnc _2rdacarrier |
||
| 505 | _aEndüstriyel ilişkiler ; Asgari ücret ; Kamu kesimi işçi ücreti ; Özel kesim işçi ücreti ; Devlet memur maaşları ; Ücretliler üzerindeki vergi yükü ; Verimlilik endeksi ; Gelir dağılımı ; Sosyal güvenlik. | ||
| 590 | _aGift of Mustafa Altıntaş | ||
| 650 | 0 |
_aWages _zTurkey _9123029 |
|
| 650 | 7 |
_aSocial security _zTurkey _920415 |
|
| 650 | 7 |
_aÜcretler _zTürkiye _2etuturkob _9103645 |
|
| 650 |
_aTürkiye _xKamu işçileri |
||
| 650 |
_aSosyal güvenlik _zTürkiye |
||
| 710 | 2 |
_aDevlet Planlama Teşkilatı (Türkiye) _934114 |
|
| 942 |
_2z _cBK |
||